Countries Never Invaded by Britain - Statistics

General Stats
  • This quiz has been taken 63 times
  • The average score is 10 of 22
Answer Stats
Hint Answer % Correct
Europe Andorra
71%
Europe Vatican City
71%
Europe Liechtenstein
70%
South America Paraguay
70%
South America Bolivia
68%
Europe Luxembourg
59%
Europe Monaco
59%
Asia Mongolia
55%
Africa Chad
41%
Africa Mali
41%
North America Guatemala
36%
Europe Sweden
36%
Asia Kyrgyzstan
34%
Asia Tajikistan
34%
Europe Belarus
32%
Africa Central African Republic
32%
Africa Republic of the Congo
32%
Asia Uzbekistan
32%
Oceania Marshall Islands
30%
Africa São Tomé and Príncipe
30%
Africa Burundi
23%
Africa Ivory Coast
11%
No matching quizzes found
Score Distribution
Percent of People with Each Score
Percentile by Number Answered
Your Score History
You have not taken this quiz